000
00325nam a2200121Ia 4500
008
170224s9999 xx 000 0 und d
245
2
_a
A proposed model of person-, family-, and culture-centered nursing care
260
_b
Nursing Outlook
260
_c
2016
300
_a
64:4
500
_a
July-August
650
_x
Nursing.
999
_c
317018
_d
317018